Sports Based on the Famous Athlete - Statistics

General Stats
  • This quiz has been taken 36 times
  • The average score is 8 of 10
Answer Stats
Hint Answer % Correct
Muhammad Ali Boxing
97%
Serena Williams Tennis
97%
Stephen Curry Basketball
91%
Tiger Woods Golf
91%
Lionel Messi Soccer
91%
Jalen Hurts Football
85%
Tony Hawk Skateboarding
79%
Usain Bolt Track
62%
Bryce Harper Baseball
53%
Bobby Orr Hockey
53%
No matching quizzes found
Score Distribution
Percent of People with Each Score
Percentile by Number Answered
Your Score History
You have not taken this quiz